00823nam a2200265 a 450000100060000000300080000600500170001400800410003102000180007202000150009002000250010502000220013003500190015204000350017104100080020608200250021424500780023925000120031726000570032930000350038650400510042165000220047265000300049470000330052462301BD-RjUL20211209081052.0170123s2010 nyuab b 001 0 eng d a9780415462235 a0415462231 a9780415462242 (pbk.) a041546224X (pbk.) a(BD-RjUL)62427 aBD-RjULcBD-RjULdBD-RjULbeng aeng00a792.09223bTHE 201000aTheatre histories :ban introduction /cPhillip B. Zarrilli ... [et al.]. a2nd ed. aNew York :bRoutledge/Taylor & Francis Group,c2010. axxvi, 630 p. :bill. ;c26 cm. aIncludes bibliographical references and index. 0aTheaterxHistory. 0aPerforming artsxHistory.1 aZarrilli, Phillip B.,d1947-